Loading...
| Current Events | 2 | 10.00 | 50% | 50% | 0% |
| Fine Arts - Classical Music | 6 | 3.33 | 33% | 0% | 0% |
| Fine Arts - Other | 6 | 13.33 | 100% | 17% | 17% |
| Fine Arts - Painting and Sculpture | 5 | 10.00 | 80% | 20% | 0% |
| Geography | 1 | 10.00 | 100% | 0% | 0% |
| History - American | 6 | 11.67 | 100% | 17% | 0% |
| History - European | 7 | 21.43 | 100% | 71% | 43% |
| History - Other | 6 | 16.67 | 100% | 67% | 0% |
| History - World | 6 | 16.67 | 100% | 67% | 0% |
| Literature - American | 6 | 16.67 | 100% | 67% | 0% |
| Literature - British | 4 | 15.00 | 100% | 25% | 25% |
| Literature - European | 5 | 14.00 | 100% | 40% | 0% |
| Literature - World | 3 | 16.67 | 100% | 67% | 0% |
| Mythology | 6 | 20.00 | 100% | 67% | 33% |
| Other Academic | 1 | 10.00 | 100% | 0% | 0% |
| Philosophy | 3 | 10.00 | 100% | 0% | 0% |
| Pop Culture | 2 | 15.00 | 100% | 0% | 50% |
| Religion | 5 | 16.00 | 100% | 20% | 40% |
| Science - Biology | 3 | 10.00 | 100% | 0% | 0% |
| Science - Chemistry | 6 | 11.67 | 100% | 17% | 0% |
| Science - Other | 6 | 11.67 | 100% | 17% | 0% |
| Science - Physics | 6 | 16.67 | 100% | 67% | 0% |
| Social Science | 6 | 6.67 | 67% | 0% | 0% |